000 00457nam a2200157 i 4500
001 96013
003 ES-MaACL
005 20230906181823.0
007 t|
008 050608s1958 pr ||||1| spa d
100 1 _aMachuca, Julio.
_975201
245 1 0 _aMirémonos por dentro
_b: (ensayos breves) /
_cJulio Machuca.
260 _aSan Juan de Puerto Rico :
_bClub de la Prensa,
_c1958.
300 _a218 p. ;
_c20 cm.
852 _aES-MaACL
_jC-27984
_bR.57179
999 _c96013
_d96013